LDR 01141naa#a2200169#i#450# 001 RU\\bibl\120576 005 20260418151735.6 011 ## _a2409-1073 100 ## _a20240620b2024####ek#y0rusy0150####ca 102 ## _aRU 200 1# _aСоциально-философские аспекты применения игровых практик в современном мире _eЖурнальная статья 210 1# _aМосква _cФедеральное государственное автономное образовательное учреждение высшего образования Национальный исследовательский университет "Московский институт электронной техники" _d2024 215 ## _a0 с. 608 ## _aЖурнальная статья _2local 675 ## _aФилософия. Психология. 1 _aСоциальное поведение. 316.62 _aФилософия. Теория. Назначение. Методика. Этика. Эстетика. 796.01 _z 700 #1 _aЗакиров _gСтанислав Анварьевич 856 4# _aesgi-journal.ru _u